[Event "Sparkassen-Open A"]
[Site "Heusenstamm, Martinsee"]
[Date "2018.11.25"]
[Round "7.104"]
[White "Bunjaku, Lulzim"]
[Black "Marzec, Witold"]
[Result "0-1"]
[WhiteElo "1807"]
[BlackElo "1715"]
[PlyCount "87"]
[EventDate "2018.??.??"]
[WhiteTeam "SC Heusenstamm"]
[BlackTeam "vereinslos"]

1. f4 d5 2. Nf3 g6 3. e3 Bg7 4. c4 c6 5. d4 Nf6 6. Nc3 O-O 7. Be2 e6 8. O-O
Nbd7 9. Bd2 b6 10. a4 Bb7 11. b4 a6 12. c5 bxc5 13. bxc5 h6 14. h3 Ne4 15. Nxe4
dxe4 16. Ne5 Kh7 17. Rb1 Rb8 18. Nc4 Bc8 19. Qc2 f5 20. g3 g5 21. Ba5 Qe7 22.
Bc7 Rxb1 23. Rxb1 Rg8 24. Bd6 Qe8 25. Nb6 gxf4 26. Bxf4 e5 27. dxe5 Nxe5 28.
Nxc8 Qxc8 29. Rb6 a5 30. Qb3 Nd7 31. Bc4 Re8 32. Be6 Rxe6 33. Qxe6 Nxb6 34. Qf7
Qd7 35. Qb3 Nd5 36. Bd6 Bc3 37. Bf4 Bb4 38. Bd6 Qg7 39. Kh2 Qc3 40. Qxc3 Bxc3
41. Bf4 Bd2 42. g4 Nxf4 43. exf4 Bxf4+ 44. Kg2 0-1

[Event "Sparkassen-Open A"]
[Site "Heusenstamm, Martinsee"]
[Date "2018.11.25"]
[Round "7.105"]
[White "Werner, Rosalie"]
[Black "FrÃ¶hlich-Dill, Astrid"]
[Result "0-1"]
[WhiteElo "1584"]
[BlackElo "1796"]
[PlyCount "90"]
[EventDate "2018.??.??"]
[WhiteTeam "VSG Offenbach"]
[BlackTeam "SV Hofheim"]

1. e4 e6 2. d4 b6 3. Nf3 Bb7 4. Bd3 c5 5. c3 Nf6 6. Nbd2 Nc6 7. O-O cxd4 8.
cxd4 Nb4 9. Bb1 Ba6 10. Re1 Nd3 11. Bxd3 Bxd3 12. Re3 Ba6 13. b3 Rc8 14. Bb2
Be7 15. Nf1 O-O 16. Ng3 Bb7 17. Qd2 a5 18. Qd3 Rc7 19. Ree1 Qa8 20. Nd2 Rfc8
21. Rac1 Ba6 22. Qe3 Rc2 23. Rb1 Bb4 24. Red1 Bxd2 25. Rxd2 Rxd2 26. Qxd2 Nxe4
27. Qe3 Nxg3 28. Qxg3 Qe4 29. Rd1 Qc2 30. Re1 Qxb2 31. Qe3 d5 32. h3 h6 33. Qf4
Qc3 34. Qe5 Bd3 35. f3 b5 36. Re3 Qa1+ 37. Kh2 Bf5 38. g4 Rc2+ 39. Re2 Qxa2 40.
Rxc2 Qxc2+ 41. Kg3 Bd3 42. Qb8+ Kh7 43. Qa7 Bg6 44. Qxa5 Qxb3 45. h4 h5 0-1

[Event "Sparkassen-Open A"]
[Site "Heusenstamm, Martinsee"]
[Date "2018.11.25"]
[Round "7.106"]
[White "Bobrowski, Damian"]
[Black "Weiland, Thomas"]
[Result "0-1"]
[WhiteElo "1586"]
[BlackElo "1796"]
[PlyCount "78"]
[EventDate "2018.??.??"]
[WhiteTeam "Sandecja Nowy Sacz"]
[BlackTeam "SV Oberursel"]

1. e4 e6 2. d4 d5 3. Nc3 dxe4 4. Nxe4 Nf6 5. Ng3 c5 6. Nf3 Nc6 7. c3 cxd4 8.
Bb5 Bd7 9. O-O dxc3 10. Qe2 Be7 11. bxc3 O-O 12. h4 Qc7 13. Ng5 Bd6 14. N3e4
Be7 15. Bd3 g6 16. Nxf6+ Bxf6 17. h5 Qe5 18. Ne4 Bh8 19. Bg5 f5 20. f4 Qa5 21.
Ng3 Bxc3 22. Rad1 Rf7 23. Kh2 Nd4 24. Qe3 Re8 25. Bc4 b5 26. Bd3 Bc6 27. Bb1
Rd7 28. Bf6 Nf3+ 29. gxf3 Bxf6 30. Rxd7 Bxd7 31. Rg1 Kf7 32. Rd1 Rd8 33. Re1
Bc8 34. Re2 Rd1 35. Bxf5 gxf5 36. Nxf5 b4 37. Nh6+ Kf8 38. f5 Qc7+ 39. Kg2 Bd4
0-1

[Event "Sparkassen-Open A"]
[Site "Heusenstamm, Martinsee"]
[Date "2018.11.25"]
[Round "7.108"]
[White "RÃ¼ll, Michael"]
[Black "Berkes, JÃ¶rg"]
[Result "1-0"]
[WhiteElo "1723"]
[BlackElo "1798"]
[PlyCount "61"]
[EventDate "2018.??.??"]
[WhiteTeam "SC Obertshausen"]
[BlackTeam "SK Langen"]

1. d4 Nf6 2. Bf4 Nh5 3. Bg3 d6 4. e3 g6 5. c3 Bg7 6. Be2 Nxg3 7. hxg3 Nd7 8.
Nf3 c6 9. Bc4 d5 10. Bd3 e5 11. Nh2 e4 12. Be2 Qb6 13. Qb3 h5 14. Nd2 f5 15. f3
Qc7 16. O-O-O b5 17. fxe4 dxe4 18. Nxe4 fxe4 19. Qe6+ Kd8 20. Qxe4 Nf8 21. d5
Qa5 22. dxc6+ Kc7 23. Qe7+ Kb6 24. c7 a6 25. Qxg7 Qxa2 26. Qd4+ Ka5 27. Qb4+
Kb6 28. Rd6+ Kxc7 29. Qc5+ Kb8 30. Rb6+ Bb7 31. Rxb7+ 1-0

[Event "Sparkassen-Open A"]
[Site "Heusenstamm, Martinsee"]
[Date "2018.11.25"]
[Round "7.110"]
[White "Stolle, Hendrik"]
[Black "Blank, Stefan"]
[Result "1-0"]
[WhiteElo "1614"]
[BlackElo "1768"]
[PlyCount "81"]
[EventDate "2018.??.??"]
[WhiteTeam "TG Biberach"]
[BlackTeam "SC Sulzbach"]

1. Nf3 Nf6 2. c4 g6 3. b3 Bg7 4. Bb2 O-O 5. g3 c6 6. Bg2 d6 7. O-O e5 8. d3 Nh5
9. Nbd2 f5 10. e3 Nf6 11. Qc2 Nbd7 12. b4 Qe7 13. Qb3 Kh8 14. Rac1 Nh5 15. Rfe1
Bf6 16. Rf1 Ng7 17. Ba3 h5 18. c5 d5 19. e4 d4 20. exf5 gxf5 21. Rfe1 Ne6 22.
Qd1 Rg8 23. Nc4 Qh7 24. Nfxe5 Nxe5 25. Nxe5 h4 26. Rc2 hxg3 27. fxg3 Ng5 28.
Rce2 f4 29. Bc1 Bh3 30. Bxf4 Bxg2 31. Kxg2 Qh3+ 32. Kh1 Rg7 33. Nc4 Rag8 34.
Re8 Qh7 35. Rxg8+ Rxg8 36. Qe2 Nf7 37. Qe4 Qh5 38. Ne5 Ng5 39. Qf5 Bxe5 40.
Bxe5+ Rg7 41. Qf8+ 1-0